Statistics for TV Shows with the Most Emmys

Click here to take the quiz!

General Stats

  • This quiz has been taken 278 times
  • The average score is 10 of 35

Answer Stats

Nom.EmmysTV ShowYears% Correct
16057Game of Thrones2011-2019
73%
9234The Simpsons1989-present
65%
5816Breaking Bad2008-2013
64%
26065Saturday Night Live1975-present
64%
11221The Sopranos1999-2007
61%
11728Cheers1982-1993
60%
10737Frasier1993-2004
52%
8222Modern Family2009-present
47%
11616Mad Men2007-2015
44%
12423ER1994-2009
41%
6729The Mary Tyler Moore Show1970-1977
40%
5522All in the Family1971-1979
37%
6817Veep2012-2019
33%
9118Will & Grace1998-2006, 2017-present
30%
1031630 Rock2006-2013
29%
3418Taxi1978-1983
29%
9526The West Wing1999-2006
29%
6218Murphy Brown1988-1998, 2018
22%
6915Everybody Loves Raymond1996-2005
21%
8420NYPD Blue1993-2005
20%
9826Hill Street Blues1981-1987
17%
6820242001-2010, 2014
16%
6115The X-Files1993-2002, 2016, 2018
14%
8915L.A. Law1986-1994
13%
5720Boardwalk Empire2010-2014
10%
7025The Carol Burnett Show1967-1978
9%
6915Downton Abbey2010-2015
7%
4115The Practice1997-2004
6%
8115The Amazing Race2001-present
5%
10517Dancing with the Stars2005-present
3%
6023The Daily Show with Jon Stewart1999-2015
2%
5620American Masters1986-present
1%
5817Star Trek: The Next Generation1987-1994
1%
5116Deadliest Catch2005-present
0%
6816So You Think You Can Dance2005-present
0%

Score Distribution

Percentile by Number Answered

Percent of People with Each Score

Your Score History

You have not taken this quiz